01707nam a2200217 a 4500008004100000020001500041041000800056092001600064100002500080245004200105250005600147260003800203300002000241500008300261505084500344590005201189655002101241942001301262999001501275952019901290180221s2005 ag ||||fr|||| 00| e spa d a9875660353 aspa c864l6sBAR1 aBarylko, Jaime93170 aVariaciones del amor /cJaime Barylko a1a ed.bLic. Jaia Barylko y Lic. Patricia Iacovone. aBuenos Aires:bDebolsillo;c2005. a192 p.c19x13cm aBarylko, J. (2005). Variaciones del amor. (1a ed.). Buenos Aires : DeBolsillo. a"Es tan natural querer amar. Es tan complicado poder hacerlo" Así expresa Jaime Barylko uno de los grandes temas que hacen a la humanidad. Y nos propone el desafío de detener la marcha de la cotidianidad para poner en funcionamiento el motor del pensamiento. Barylko nos enfrenta con una cuestión esencial para el hombre y para la mujer de estos tiempos: el trabajo del amor, el compromiso en tanto promesa que crece entre dos. El autor nos invita a poner en duda lo dado por hecho, lo establecido, y analiza el azar del encuentro entre dos personas: "Voy hacia ti porque necesito ser percibido, ser definido. Debo hacer algo porque debo ser alguien". Con su mirada aguda, apoyándose en pensadores y obras clave de todos los tiempos, el filósofo y educador Jaime Barylko nos invita a recrear la multiplicidad y riqueza del amor.  aDonación de Dra Mónica Reyna, febrero 2018. aLiteratura92917 2ddccLIT c2672d2672 00102ddc4070aBFMbBFMcCRd2018-02-21eDonación de Dra. Mónica Reyna.l1o864 6 BARp4176r2018-10-23s2018-10-11tEj.1w2018-02-21yLITzDonación de Dra. Mónica Reyna, febrero 2018.